Влияние природы растворителя на процесс формирования наночастиц серебра; Известия Томского политехнического университета [Известия ТПУ]; Т. 314, № 3 : Химия
| Parent link: | Известия Томского политехнического университета [Известия ТПУ]/ Томский политехнический университет (ТПУ).— , 2000- Т. 314, № 3 : Химия.— 2009.— [С. 26-31] |
|---|---|
| Altres autors: | , , , |
| Sumari: | Заглавие с титульного листа Электронная версия печатной публикации Изучены физико-химические и каталитические свойства серебряных катализаторов, нанесенных на нитрид кремния из водной и органической среды, в процессе парциального окисления этиленгликоля в глиоксаль. Исследованные системы различаются в структуре и физико-химических свойствах активной в катализе фазы, что оказывает влияние на формы адсорбции реагентов, каталитические свойства и механизм поверхностных реакций. Установлено, что серебросодержащие системы, нанесенные на нитрид кремния с использованием органической среды, являются перспективными катализаторами для процесса селективного окисления этиленгликоля в глиоксаль. |
| Idioma: | rus |
| Publicat: |
2009
|
| Col·lecció: | Химия |
| Matèries: | |
| Accés en línia: | http://www.lib.tpu.ru/fulltext/v/Bulletin_TPU/2009/v314/i3/07.pdf |
| Format: | MixedMaterials Electrònic Capítol de llibre |
| KOHA link: | https://koha.lib.tpu.ru/cgi-bin/koha/opac-detail.pl?biblionumber=175009 |
MARC
| LEADER | 00000nla2a2200000 4500 | ||
|---|---|---|---|
| 001 | 175009 | ||
| 005 | 20231031164956.0 | ||
| 035 | |a (RuTPU)RU\TPU\book\189774 | ||
| 035 | |a RU\TPU\book\189661 | ||
| 090 | |a 175009 | ||
| 100 | |a 20100208d2009 k y0rusy50 ca | ||
| 101 | 0 | |a rus | |
| 102 | |a RU | ||
| 135 | |a drnn ---uucaa | ||
| 181 | 0 | |a i | |
| 182 | 0 | |a b | |
| 200 | 1 | |a Влияние природы растворителя на процесс формирования наночастиц серебра |b Электронный ресурс |f И. А. Курзин [и др.] | |
| 203 | |a Текст |c электронный | ||
| 215 | |a 1 файл (8.1 Мб) | ||
| 225 | 1 | |a Химия | |
| 230 | |a Электронные текстовые данные (1 файл : 8.1 Мб) | ||
| 300 | |a Заглавие с титульного листа | ||
| 300 | |a Электронная версия печатной публикации | ||
| 320 | |a [Библиогр.: с. 31 (17 назв.)] | ||
| 330 | |a Изучены физико-химические и каталитические свойства серебряных катализаторов, нанесенных на нитрид кремния из водной и органической среды, в процессе парциального окисления этиленгликоля в глиоксаль. Исследованные системы различаются в структуре и физико-химических свойствах активной в катализе фазы, что оказывает влияние на формы адсорбции реагентов, каталитические свойства и механизм поверхностных реакций. Установлено, что серебросодержащие системы, нанесенные на нитрид кремния с использованием органической среды, являются перспективными катализаторами для процесса селективного окисления этиленгликоля в глиоксаль. | ||
| 337 | |a Adobe Reader | ||
| 461 | 1 | |0 (RuTPU)RU\TPU\book\176237 |t Известия Томского политехнического университета [Известия ТПУ] |f Томский политехнический университет (ТПУ) |d 2000- | |
| 463 | 1 | |0 (RuTPU)RU\TPU\book\189586 |x 1684-8519 |t Т. 314, № 3 : Химия |v [С. 26-31] |d 2009 |p 146 с. | |
| 610 | 1 | |a нитрид кремния | |
| 610 | 1 | |a серебряные катализаторы | |
| 610 | 1 | |a этиленгликоль | |
| 610 | 1 | |a окисление | |
| 610 | 1 | |a глиоксаль | |
| 610 | 1 | |a активная поверхность | |
| 610 | 1 | |a формирование | |
| 610 | 1 | |a электронный ресурс | |
| 701 | 1 | |a Курзин |b И. А. | |
| 701 | 1 | |a Чухломина |b Л. Н. | |
| 701 | 1 | |a Блохина |b А. С. | |
| 701 | 1 | |a Водянкина |b О. В. | |
| 801 | 1 | |a RU |b 63413507 |c 20090623 |g PSBO | |
| 801 | 2 | |a RU |b 63413507 |c 20130909 |g PSBO | |
| 856 | 4 | |u http://www.lib.tpu.ru/fulltext/v/Bulletin_TPU/2009/v314/i3/07.pdf | |
| 942 | |c CF | ||